000 00270nam a2200121Ia 4500
008 190216s9999||||xx |||||||||||||| ||und||
100 _aGrandad Adbin
245 0 _aVaikam Muhamed Basheer
260 _bPenguin Books
300 _a205
650 _aEnglish
942 _cBK
999 _c13741
_d13741